Statistiques concernant Les pays contenant entre 30 % et 40 % de protestants

Cliquez ici pour prendre le quiz!

Statistiques générales

  • Ce quiz a été pris 9 fois
  • Le résultat moyen est 4 sur 13

Statistiques - réponses

HintRéponse% Correct
39,33 %Allemagne
88%
34,53 %Pays-Bas
63%
34,41 %Estonie
50%
38,12 %Suisse
50%
31,54 %Angola
38%
33,55 %Gabon
25%
34,20 %Liberia
25%
36,55 %Nigeria
25%
34,85 %Rwanda
13%
38,84 %Guyana
0%
35,01 %Lesotho
0%
30,51 %Madagascar
0%
31,34 %Trinité-et-Tobago
0%

Distribution des résultats

Percentile par nombre de réponses

% des personnes avec chaque résultat

Votre développement - résultats

Vous n’avez pas pris ce quiz